000 00486nam a2200181 a 4500
001 2953
003 CO-ViMGA
008 141112s2004 ck r 000 u spa d
040 _aCO-ViMGA
_bspa
_cCO-ViMGA
082 0 4 _a923.1 T98
100 1 _aSeagrave, Sterling
_952165
245 1 0 _aLa Ășltima emperatriz de china
260 _aBuenos Aires :
_bJavier Vergasa,
_c1993
300 _a524 p
490 _aBiografĂ­a e historia
650 1 4 _aTV - VHS, 1835 - 1908
_952166
942 _2ddc
_cBK
999 _c15018
_d15018